000
00260nam a2200109 a 4500
005
20201002053329.0
008
180412s2016 000 spa d
020
_a
9789945124057
245
0
_a
English II :.
260
_a
Santo Domingo,
_c
2016.
999
_c
46552
_d
46552
040
_a
DO-SdBNP